000 00555cam a2200181 4500500
005 20260329005756.0
041 _afre
042 _adc
100 1 0 _aEnjalbert, Cédric
_eauthor
245 0 0 _a“Limonov, la ballade” : la grenade et le citron
260 _c2024.
500 _a86
690 _aCinéma
690 _aFilm
690 _aLimonov
786 0 _nPhilosophie magazine | 185 | 12 | 2024-12-01 | p. 60-61 | 1951-1787
856 4 1 _uhttps://shs.cairn.info/magazine-philosophie-magazine-2024-12-page-60?lang=fr&redirect-ssocas=7080
999 _c1846500
_d1846500